000 00677nam a2200241 i 4500
001 101575
003 ES-MaACL
005 20250911062649.0
007 t|
008 051020s1972 sp ||||1| spa d
080 _a821.134.2-31"19"
100 1 _aMedio, Dolores,
_d1911-1996
_979767
245 1 3 _aLa otra circunstancia /
_cDolores Medio.
250 _a[1ª ed.].
260 _aBarcelona :
_bDestino,
_c1972.
300 _a443 p. ;
_c19 cm.
490 1 _aAncora y Delfín ;
_v401
500 _aDe la trilogía "Los que vamos a pie"
830 0 0 _aÁncora y Delfín
_v401
_9151298
852 _aES-MaACL
_jC-53242
_bR.84923
942 _2udc
999 _c101575
_d101575